| 000 | 00366nam a2200145Ia 4500 | ||
|---|---|---|---|
| 008 | 230312s9999||||xx |||||||||||||| ||und|| | ||
| 020 | _a1-85152-199-2 | ||
| 082 |
_a791.4377 _bDOL-H |
||
| 100 | _aDollin;Stuart | ||
| 245 | 0 | _aHome Video Handbook | |
| 260 |
_bChancellor Press _aSpain _c1992 |
||
| 300 | _a159 | ||
| 650 |
_aMass com _vMass Communication |
||
| 942 | _cBK | ||
| 999 |
_c11511 _d11511 |
||